|
|
|
|
| LEADER |
00000cam a2200000 7i4500 |
| 001 |
0000007427 |
| 005 |
20070905.0 |
| 040 |
|
|
|a INS
|
| 090 |
0 |
0 |
|a RESEARCH 49
|
| 100 |
0 |
|
|a Muhammad Nawawi b. Hj. Mohd. Arshad
|
| 245 |
1 |
0 |
|a Property market overview
|c Y.Bhg. Dato' Muhammad Nawawi b. Hj. Mohd. Arshad
|
| 260 |
|
|
|a Kuala Lumpur :
|b Jabatan Penilaian & Perkhidmatan Harta ,
|c 1994
|
| 300 |
|
|
|c 30cm.
|
| 500 |
|
|
|a Digital document is available on-line; Please click the URL below
|
| 650 |
0 |
0 |
|a Property market
|
| 650 |
0 |
0 |
|a Property market
|z Malaysia
|
| 710 |
2 |
|
|a INSPEN
|
| 856 |
|
|
|u http://app.inspen.gov.my:7779/pls/portal/docs/PAGE/CORPORATEPAGES/PORTAL_INSPEN/LAPORAN_PENYELIDIKAN_DI_PERPUSTAKAAN/BT.PDF
|
| 999 |
|
|
|a RES0000107
|b BOOK
|c Research By JPPH Staff
|e Default branch
|
| 999 |
|
|
|a RES0000108
|b BOOK
|c Research By JPPH Staff
|e Default branch
|
| 999 |
|
|
|a RES0000451
|b BOOK
|c Research By JPPH Staff
|e Default branch
|